00000000nas 2200000zi 4500
0019.905340
003CaOODSP
00520260123144758
006m     o  d f      
007cr |||||||||||
008211125c20219999oncar p o||||f0   a0eng|d
022 |a2564-4696
040 |aCaOODSP|beng|erda|cCaOODSP
043 |an-cn---
0861 |aT1-32E-PDF
1101 |aCanada. |bTransport Canada, |eauthor,|eissuing body.
222 0|aDepartmental sustainable development strategy progress report |b(Canada. Transport Canada)
24510|a... departmental sustainable development strategy progress report.
24617|aTransport Canada's ... departmental sustainable development strategy report
264 1|a[Ottawa] : |bTransport Canada, |c[2021]-
310 |aAnnual
336 |atext|btxt|2rdacontent
337 |acomputer|bc|2rdamedia
338 |aonline resource|bcr|2rdacarrier
3621 |aBegan with: 2020/21.
500 |aIssued also in French under title: Rapport sur la stratégie ministérielle de développement durable ...
588 |aDescription based on: 2021/2022.
588 |aLatest issue consulted: 2021/2022.
61010|aCanada. |bTransport Canada|vPeriodicals.
650 0|aSustainable development|xGovernment policy|zCanada|vPeriodicals.
655 7|aPeriodicals|2lcgft
77508|tRapport sur la stratégie ministérielle de développement durable ...|w(CaOODSP)9.905343